They teach us to pray, (Record no. 4071)

MARC details
000 -LEADER
fixed length control field 00773cam a22002531 4500
001 - CONTROL NUMBER
control field 10287218
003 - CONTROL NUMBER IDENTIFIER
control field GBCCL
005 - DATE AND TIME OF LATEST TRANSACTION
control field 20241126110510.0
008 - FIXED-LENGTH DATA ELEMENTS--GENERAL INFORMATION
fixed length control field 850611s1957 enk 000 0 eng
010 ## -
-- 58027472
035 ## - SYSTEM CONTROL NUMBER
System control number (OCoLC)12143282
040 ## - CATALOGING SOURCE
Original cataloging agency DLC
Transcribing agency ScU
Modifying agency ScU
-- DLC
042 ## -
-- premarc
050 00 -
-- BV235
-- .W47 1957
082 ## - DEWEY DECIMAL CLASSIFICATION NUMBER
Classification number 264.1
Item number WHI
100 1# - MAIN ENTRY--PERSONAL NAME
Personal name White, R. E. O.
Fuller form of name (Reginald Ernest Oscar),
Dates associated with a name 1914-
9 (RLIN) 1476
245 10 - TITLE STATEMENT
Title They teach us to pray,
Remainder of title a biographical ABC of the prayer life.
Statement of responsibility, etc. With a foreword by F. Townley Lord.
260 ## - PUBLICATION, DISTRIBUTION, ETC.
Place of publication, distribution, etc. Evesham,
Name of publisher, distributor, etc. Worcs, A. James
Date of publication, distribution, etc. [1957]
300 ## - PHYSICAL DESCRIPTION
Extent 204 p.
Dimensions 21 cm.
630 00 - SUBJECT ADDED ENTRY--UNIFORM TITLE
Uniform title Bible
General subdivision Prayers.
9 (RLIN) 7747
650 #0 - SUBJECT ADDED ENTRY--TOPICAL TERM
Topical term or geographic name entry element Prayer.
9 (RLIN) 332
906 ## - LOCAL DATA ELEMENT F, LDF (RLIN)
a 7
b cbc
c oclcrpl
d u
e ncip
f 19
g y-gencatlg
942 ## - ADDED ENTRY ELEMENTS (KOHA)
Source of classification or shelving scheme Dewey Decimal Classification
Koha item type Books
Koha issues (borrowed), all copies 1
Holdings
Withdrawn status Lost status Source of classification or shelving scheme Damaged status Not for loan Home library Current Library Shelving location Date acquired Total checkouts Full call number Barcode Date last seen Date last checked out Copy number Price effective from Koha item type
    Dewey Decimal Classification     GRACE BIBLE COLLEGE GRACE BIBLE COLLEGE Ministry & Mission 2018-01-10 1 264.1 WHI 013494 2025-05-01 2019-09-24 c.1 2018-01-10 Books
© Grace Bible College Library 2025